LEADER 03972oam 2200637 c 450 001 9910963783303321 005 20260302090207.0 010 $a3-657-78636-8 024 7 $a10.30965/9783657786367 035 $a(CKB)4100000008965689 035 $a(OCoLC)1118994041 035 $a(nllekb)BRILL9783657786367 035 $a(MiAaPQ)EBC6517035 035 $a(Au-PeEL)EBL6517035 035 $a(OCoLC)1243553274 035 $a(Brill | Scho?ningh)9783657786367 035 $a(Brill | Schöningh)9783657786367 035 $a(EXLCZ)994100000008965689 100 $a20260302d2019 uy 0 101 0 $aeng 135 $aurun| uuuua 181 $ctxt$2rdacontent 182 $cc$2rdamedia 183 $2rdacarrier 200 00$aMediterranean Rivers in Global Perspective$fMarkus Koller, Achim Lichtenberger, Johannes Bernhardt, Mihran Dabag, Nikolas Jaspert, Achim Lichtenberger, Martin Baumeister 205 $a1st ed. 210 $aPaderborn$cBrill | Schöningh$d2019 215 $a1 online resource 225 0 $aMittelmeerstudien$v19 311 08$a3-506-78636-9 320 $aIncludes bibliographical references and indexes. 327 $tFront Matter --$tCopyright page --$tPreface /$rJohannes C. Bernhardt, Markus Koller and Achim Lichtenberger --$tMediterranean Rivers in Global Perspective /$rJohannes C. Bernhardt, Markus Koller and Achim Lichtenberger --$tRiver Histories --$tSome Observations on the World of the Mariners of the Rho?ne (Around 1300?1550) /$rJacques Rossiaud --$tRivers of History /$rTerje Tvedt --$tDidactics in Flux from a Mediterranean Perspective.The Nile?s Potential for Upper Secondary History Education /$rNicola Brauch --$tMediterranean Rivers --$tCarian Catchments. Considering the Geographical and Historical Significance of River Valleys /$rSimon Hoffmann --$t?Was man hier nicht sieht, za?hlt nicht zu dem, was existiert hat oder existiert.? Der Tiber auf ro?mischen Karten /$rAchim Lichtenberger --$t?River-Communities?? The Nile and Its Riparians in Medieval Travel Accounts /$rVolker Scior --$tInland Waterways as Modern Landscapes in Northeast Italy: Recovering a Cultural Heritage for Sustainable Governance /$rFrancesco Vallerani --$tGlobal Perspective --$tRivers as Routes of Connectivity? The Case of the Don from the late 7th to the early 3rd century BC /$rSabine Huy --$tThe Zaporozhian Cossacks and the Dnipro River Refugium /$rVictor Ostapchuk --$tThe American River? The Mississippi River in Global Historical Perspective /$rChristopher Morris --$tBack Matter --$tIndices. 330 $aRivers in the Mediterranean have always been hotspots of social formation. From antiquity to the present, rivers were important sources of fresh water, transport routes and energy suppliers as well as spaces of interaction between sea, coast and hinterland. This volume takes up recent debates on the spatial turn and global history, which have fundamentally changed notions of the Mediterranean as a natural given and of larger areas as well-defined entities. After an introduction to the relevant research contexts, it offers a collection of articles on the conceptualization of river histories, the Mediterranean and its rivers, and river studies from around the globe 410 0$aMittelmeerstudien ;$v19. 606 $aMittelmeer 606 $aGlobal History 606 $aFlüsse 606 $aArea Studies 615 4$aMittelmeer 615 4$aGlobal History 615 4$aFlüsse 615 4$aArea Studies 676 $a909.09822 702 $aKoller$b Markus$4edt 702 $aLichtenberger$b Achim$4edt 702 $aBernhardt$b Johannes$4edt 702 $aDabag$b Mihran$4edt 702 $aJaspert$b Nikolas$4edt 702 $aBaumeister$b Martin$4edt 801 0$bMiAaPQ 801 1$bMiAaPQ 801 2$bMiAaPQ 906 $aBOOK 912 $a9910963783303321 996 $aMediterranean Rivers in Global Perspective$94415032 997 $aUNINA LEADER 02488oam 22004934a 450 001 9910367634903321 005 20251116175638.0 010 $a607-564-094-0 010 $a968-12-1322-X 035 $a(CKB)4100000010105067 035 $a(OCoLC)1107990775 035 $a(MdBmJHUP)muse85168 035 $a(WaSeSS)IndRDA00125380 035 $a(oapen)https://directory.doabooks.org/handle/20.500.12854/89384 035 $a(EXLCZ)994100000010105067 100 $a20080702d2008 uy 0 101 0 $aspa 135 $aur|||||||nn|n 181 $ctxt$2rdacontent 182 $cc$2rdamedia 183 $acr$2rdacarrier 200 14$aLas regiones de México$ebreviario geográfico e histórico /$fBernardo Garci?a Marti?nez 205 $a1. ed. 210 $cEl Colegio de México$d2008 210 1$aMexico, D.F. :$cEl Colegio de Mexico,$d2008. 210 4$d©2008. 215 $a1 online resource (351 p.) : $cmaps ; 300 $aIncludes index. 327 $aEl Mexico central -- La vertiente del Golfo -- La vertiente del Paci?fico -- La vertiente del norte: el sector central, el noroeste, Baja California, el noreste -- La cadena cariben?a -- La cadena centroamericana. 330 $aTodas y cada una de las regiones de México. El país entero recorrido paso a paso examinando con detalle las partes que forman el conjunto. Cada una de ellas es objeto de un análisis que desentraña las particularidades del medio físico, el desarrollo y las dimensiones de la población, la estructura de las comunicaciones, el origen y disposición de las ciudades, los rasgos generales de la producción, el perfil de la vida rural, la identidad regional y otros elementos que tienen expresión en el espacio mexicano del año 2007. Tal es el contenido de este libro, que se introduce en la geografía de manera amena y con una visión moderna, dinámica e impregnada de retratos del paisaje cultural, producto todo ello de una perspectiva que se enriquece, en cada página, con un permanente diálogo con la historia. 606 $aHuman geography$zMexico 607 $aMexico$vMaps 607 $aMexico$xHistorical geography 607 $aMexico$xGeography 608 $aElectronic books. 615 0$aHuman geography 676 $a917.2 700 $aGarci?a Marti?nez$b Bernardo$01022523 801 0$bMdBmJHUP 801 1$bMdBmJHUP 906 $aBOOK 912 $a9910367634903321 996 $aLas regiones de México$92439337 997 $aUNINA